| 000 | 00387 a2200157 4500 | ||
|---|---|---|---|
| 003 | NUST | ||
| 005 | 20231214143557.0 | ||
| 040 |
_aDLC _bDLC |
||
| 082 |
_a891.4393 _bHIJ |
||
| 100 | _aNaseem Hijazi. | ||
| 245 |
_aKhak aur Khoon _cNaseem Hijazi. |
||
| 260 |
_aLahore: _bJahangir Book Depot, _c2005. |
||
| 300 |
_a640 p. ; _c24 cm. |
||
| 650 | _aUrdu--fiction. | ||
| 942 |
_cBK _k891.4393 NAS _2ddc |
||
| 999 |
_c6948 _d6948 |
||